[Event "Mozart 1910-Bregenz"]
[Site "Absam"]
[Date "2004.12.05"]
[Round "5"]
[White "Herbrechtsmeier"]
[Black "Mroz, Thomas"]
[Result "1/2-1/2"]
[WhiteElo "2289"]
[BlackElo "2105"]
[PlyCount "41"]
[EventDate "2004.??.??"]

{128MB, Power.ctg, LANDESVERBAND} 1. e4 Nf6 2. e5 Nd5 3. d4 d6 4. c4 Nb6 5.
exd6 exd6 6. Nc3 Be7 7. Bd3 Nc6 8. Be3 Bf6 9. Nge2 O-O 10. b3 Re8 11. O-O Bg4
12. h3 Bh5 13. Qd2 Bg6 14. Bxg6 hxg6 15. Nf4 Ne7 16. g4 c5 17. Rad1 Nc6 18.
Nfe2 Qe7 19. dxc5 dxc5 20. Nd5 Nxd5 21. Qxd5 1/2-1/2

[Event "Schwaz-Wörgl"]
[Site "Absam"]
[Date "2004.12.05"]
[Round "5"]
[White "Heinzel, Olaf"]
[Black "Blaskowski, Johannes"]
[Result "1-0"]
[WhiteElo "2402"]
[BlackElo "2385"]
[PlyCount "55"]
[EventDate "2004.??.??"]

{128MB, Power.ctg, LANDESVERBAND} 1. Nf3 Nf6 2. g3 d5 3. d4 g6 4. Bg2 Bg7 5.
O-O O-O 6. c4 c6 7. cxd5 Nxd5 8. e4 Nb6 9. h3 Na6 10. Nc3 h6 11. b3 c5 12. Be3
Nd7 13. Rc1 b6 14. Qd2 cxd4 15. Nxd4 Ndc5 16. Rfd1 e5 17. Ndb5 Qxd2 18. Rxd2
Be6 19. Rb1 Rfc8 20. b4 Nd7 21. Nd5 Bxd5 22. exd5 Rc4 23. a3 Rac8 24. Nxa7 Rc1+
25. Kh2 R8c2 26. Rxc1 Rxc1 27. d6 Nab8 28. b5 1-0

[Event "Mozart 1910-Bregenz"]
[Site "Absam"]
[Date "2004.12.05"]
[Round "5"]
[White "Weindl, Alfred"]
[Black "Opl, Klaus"]
[Result "0-1"]
[WhiteElo "2354"]
[BlackElo "2305"]
[PlyCount "63"]
[EventDate "2004.??.??"]

{128MB, Power.ctg, LANDESVERBAND} 1. d4 Nf6 2. Bg5 e6 3. e4 h6 4. Bxf6 Qxf6 5.
Qd2 d6 6. Nc3 g5 7. O-O-O Bg7 8. f3 a6 9. h4 Nc6 10. Nce2 gxh4 11. f4 h5 12. e5
Qe7 13. Kb1 Bd7 14. Nf3 dxe5 15. fxe5 O-O-O 16. Rxh4 f6 17. exf6 Bxf6 18. Re4
Qg7 19. Nc1 Kb8 20. Nb3 e5 21. d5 Be6 22. Bc4 Ne7 23. dxe6 Rxd2 24. Rxd2 Nc8
25. Bf1 Nd6 26. Rb4 Ka7 27. Nc5 e4 28. Rxd6 cxd6 29. Nxe4 Be7 30. Nc3 Rf8 31.
Re4 Qg6 32. Re1 0-1

[Event "Lustenau-Wüstenrot Salzburg"]
[Site "Absam"]
[Date "2004.12.05"]
[Round "5"]
[White "Lickleder, Andreas"]
[Black "Maier, Peter"]
[Result "1-0"]
[WhiteElo "2251"]
[BlackElo "2182"]
[PlyCount "49"]
[EventDate "2004.??.??"]

{128MB, Power.ctg, LANDESVERBAND} 1. e4 g6 2. Bc4 Bg7 3. Nc3 d6 4. f4 e6 5. Bb3
c6 6. d4 d5 7. Nf3 Ne7 8. O-O Nd7 9. Kh1 dxe4 10. Nxe4 Nf6 11. Ng3 h5 12. Qe2
h4 13. Ne4 Nxe4 14. Qxe4 Nf5 15. c3 Kf8 16. Bd2 Bf6 17. Be1 Kg7 18. Kg1 Qc7 19.
Ne5 Bd7 20. Rd1 Rad8 21. Ng4 Be7 22. c4 c5 23. d5 Nd4 24. Bc3 Qb6 25. Rxd4 1-0

[Event "Schwaz-Wörgl"]
[Site "Absam"]
[Date "2004.12.05"]
[Round "5"]
[White "Eybl, Alexander"]
[Black "Angerer, Helmut"]
[Result "1/2-1/2"]
[WhiteElo "2259"]
[BlackElo "2195"]
[PlyCount "53"]
[EventDate "2004.??.??"]

{128MB, Power.ctg, LANDESVERBAND} 1. g3 e5 2. c4 g6 3. Bg2 Bg7 4. Nc3 c5 5. d3
Nc6 6. Nf3 Nge7 7. O-O O-O 8. a3 d5 9. cxd5 Nxd5 10. Nxd5 Qxd5 11. Be3 Qd6 12.
Nd2 b6 13. b4 cxb4 14. axb4 Bb7 15. b5 Na5 16. Nc4 Nxc4 17. dxc4 Qe7 18. Bxb7
Qxb7 19. Ra6 f5 20. f3 e4 21. Qd5+ Qxd5 22. cxd5 exf3 23. exf3 Rfd8 24. Rd1 Rd6
25. Bc5 Rdd8 26. Be3 Rd6 27. Bc5 1/2-1/2

[Event "Lustenau-Wüstenrot Salzburg"]
[Site "Absam"]
[Date "2004.12.05"]
[Round "5"]
[White "Endthaler, Arnold"]
[Black "Niedermayer, Hanne"]
[Result "0-1"]
[WhiteElo "2088"]
[BlackElo "2094"]
[PlyCount "66"]
[EventDate "2004.??.??"]

{128MB, Power.ctg, LANDESVERBAND} 1. e4 d6 2. d4 g6 3. f4 Nf6 4. Bd3 Bg7 5. Nf3
c5 6. c3 b6 7. O-O O-O 8. Qe2 Nc6 9. d5 Nb8 10. c4 a6 11. Nc3 e6 12. e5 Ne8 13.
Be4 Ra7 14. Be3 f5 15. Bc2 Nc7 16. Rad1 exd5 17. cxd5 Bb7 18. e6 Qe7 19. a4
Bxc3 20. bxc3 Nxd5 21. Bd2 Nc7 22. Rfe1 Re8 23. Qf2 b5 24. Qg3 Qf6 25. Nh4 Kf8
26. e7+ Rxe7 27. Rxe7 Kxe7 28. Re1+ Kf8 29. Bb3 c4 30. Be3 Ra8 31. Bd4 Qf7 32.
Qg5 Nc6 33. Nxg6+ Qxg6 0-1

[Event "Hohenems-Absam"]
[Site "Absam"]
[Date "2004.12.05"]
[Round "5"]
[White "Tschohl, Christof"]
[Black "Wegerle, Jörg"]
[Result "0-1"]
[WhiteElo "2143"]
[BlackElo "2338"]
[PlyCount "82"]
[EventDate "2004.??.??"]

{128MB, Power.ctg, LANDESVERBAND} 1. e4 c5 2. Nc3 Nc6 3. g3 g6 4. Bg2 Bg7 5. d3
d6 6. Be3 Rb8 7. f4 e6 8. Nf3 Nge7 9. Rb1 b5 10. d4 b4 11. Ne2 d5 12. Ne5 Nxe5
13. dxe5 d4 14. Bf2 Qa5 15. O-O Ba6 16. Re1 O-O 17. g4 Rfd8 18. Nc1 Nc6 19. b3
g5 20. fxg5 Nxe5 21. Bf1 c4 22. bxc4 Nxc4 23. h4 Qc7 24. Bxc4 Bxc4 25. Nd3 a5
26. Rb2 Rdc8 27. Qf3 Bxd3 28. cxd3 Be5 29. Ree2 Qd6 30. Rec2 Rc3 31. Be1 Qc7
32. Bxc3 dxc3 33. Rb1 Bd4+ 34. Kg2 a4 35. Rf1 b3 36. axb3 axb3 37. Rcf2 Bxf2
38. Qxf2 c2 39. h5 c1=Q 40. Rxc1 Qxc1 41. g6 Qc2 0-1

[Event "Schwaz-Wörgl"]
[Site "Absam"]
[Date "2004.12.05"]
[Round "5"]
[White "Kondrak, Christof"]
[Black "Neuschmied, Siegfried"]
[Result "0-1"]
[WhiteElo "2189"]
[BlackElo "2218"]
[PlyCount "67"]
[EventDate "2004.??.??"]

{128MB, Power.ctg, LANDESVERBAND} 1. d4 d6 2. Nf3 g6 3. Bf4 Bg7 4. e3 Nd7 5. c3
e5 6. Bg3 Qe7 7. Be2 Nh6 8. h3 O-O 9. O-O f6 10. Na3 Re8 11. Nb5 Nf8 12. c4 Nf7
13. Nc3 c6 14. b4 f5 15. c5 f4 16. cxd6 Qxd6 17. Ne4 Qd5 18. Nc3 Qd8 19. Bh2
exd4 20. exd4 g5 21. Rc1 Be6 22. b5 Qa5 23. Ne4 h6 24. Nc5 Bd5 25. a4 b6 26.
Na6 Rac8 27. h4 Ne6 28. hxg5 hxg5 29. bxc6 Rxc6 30. Bb5 Bxf3 31. Qxf3 Nxd4 32.
Qh5 Rxc1 33. Rxc1 Nxb5 34. Bxf4 0-1

[Event "Hohenems-Absam"]
[Site "Absam"]
[Date "2004.12.05"]
[Round "5"]
[White "Bromberger, Stefan"]
[Black "Grabher, Heinz"]
[Result "1-0"]
[WhiteElo "2440"]
[BlackElo "2271"]
[PlyCount "81"]
[EventDate "2004.??.??"]

{128MB, Power.ctg, LANDESVERBAND} 1. e4 c5 2. Nf3 e6 3. d4 cxd4 4. Nxd4 Nf6 5.
Nc3 Nc6 6. Ndb5 Bb4 7. a3 Bxc3+ 8. Nxc3 d5 9. exd5 exd5 10. Qe2+ Be6 11. Bg5 h6
12. Bh4 O-O 13. O-O-O Rc8 14. f3 a6 15. Qe1 Re8 16. Bd3 b5 17. Ne2 Ne5 18. Qf2
Qc7 19. Nd4 Nxd3+ 20. Rxd3 Nd7 21. Bg3 Qc4 22. Kb1 a5 23. Rc3 Qa4 24. Rxc8 Rxc8
25. Re1 Re8 26. Bd6 Qc4 27. b3 Qc3 28. Nxb5 Qc6 29. a4 Rc8 30. Na7 Qxd6 31.
Nxc8 Qb4 32. Na7 Bf5 33. Ka2 Qc3 34. Nb5 Qb4 35. Re8+ Kh7 36. Qd4 Bxc2 37. Qxb4
axb4 38. a5 Bd3 39. a6 Bxb5 40. a7 Bc6 41. Rc8 1-0

[Event "Ranshofen-Reutte"]
[Site "Absam"]
[Date "2004.12.05"]
[Round "5"]
[White "Medvegy, Zoltan"]
[Black "Sandner, Gunter"]
[Result "1-0"]
[WhiteElo "2456"]
[BlackElo "2327"]
[PlyCount "95"]
[EventDate "2004.??.??"]

{128MB, Power.ctg, LANDESVERBAND} 1. e4 c5 2. Nf3 Nc6 3. d4 cxd4 4. Nxd4 Nf6 5.
Nc3 e5 6. Ndb5 d6 7. Bg5 a6 8. Na3 b5 9. Nd5 Be7 10. Bxf6 Bxf6 11. c3 Bb7 12.
Nc2 Nb8 13. Nce3 Nd7 14. Qf3 g6 15. Rd1 Bg5 16. g3 O-O 17. Bg2 Nb6 18. O-O f5
19. exf5 Nxd5 20. Nxd5 Kh8 21. h4 Rxf5 22. Qd3 Bh6 23. Nb4 Bxg2 24. Kxg2 Bf8
25. Qe4 Ra7 26. Nc2 Qc8 27. Ne3 Rff7 28. Rd3 Qe6 29. Qd5 Qf6 30. Ng4 Qg7 31.
Rf3 Rxf3 32. Qxf3 Qb7 33. Ra1 Qxf3+ 34. Kxf3 Rb7 35. Ke4 b4 36. c4 b3 37. axb3
h5 38. Ne3 Rxb3 39. Nd1 Rb6 40. Kd5 Kg7 41. Ra4 Kf6 42. b4 Ke7 43. Nc3 Kd7 44.
b5 axb5 45. Ra7+ Kc8 46. Ra8+ Rb8 47. Rxb8+ Kxb8 48. Nxb5 1-0

[Event "Schwaz-Wörgl"]
[Site "Absam"]
[Date "2004.12.05"]
[Round "5"]
[White "Fuchs, Georg"]
[Black "Astl, Peter"]
[Result "1/2-1/2"]
[WhiteElo "2281"]
[BlackElo "2233"]
[PlyCount "80"]
[EventDate "2004.??.??"]

{128MB, Power.ctg, LANDESVERBAND} 1. e4 c6 2. d4 d5 3. Nc3 g6 4. Be2 Bg7 5. Be3
dxe4 6. Nxe4 Nh6 7. Ng3 Nf5 8. Nxf5 Bxf5 9. c3 Nd7 10. h4 h5 11. Nh3 Nf6 12.
Ng5 O-O 13. O-O Qc7 14. Qc1 Nd5 15. Bc4 Rad8 16. Nf3 Nxe3 17. Qxe3 e6 18. b4 a5
19. a3 Ra8 20. Ne5 c5 21. Rfc1 Rfc8 22. Bb5 Bxe5 23. Qxe5 Qxe5 24. dxe5 c4 25.
a4 axb4 26. cxb4 c3 27. a5 c2 28. Be2 Rc3 29. Bf3 Rb8 30. b5 Bd3 31. b6 Rb3 32.
Bxb7 Rxb7 33. f3 Rb1 34. Kf2 Rd7 35. Raxb1 cxb1=Q 36. Rxb1 Ba6 37. Rc1 Rd5 38.
Rc7 Rxa5 39. Ra7 Rxe5 40. Rxa6 Rb5 1/2-1/2

[Event "Hohenems-Absam"]
[Site "Absam"]
[Date "2004.12.05"]
[Round "5"]
[White "Amann, Günter"]
[Black "Dür, Arne"]
[Result "1-0"]
[WhiteElo "2287"]
[BlackElo "2386"]
[PlyCount "113"]
[EventDate "2004.??.??"]

{128MB, Power.ctg, LANDESVERBAND} 1. d4 e6 2. c4 Nf6 3. g3 Bb4+ 4. Bd2 Qe7 5.
Bg2 Bxd2+ 6. Qxd2 d6 7. Nc3 e5 8. Nf3 O-O 9. O-O c6 10. dxe5 dxe5 11. Rfd1 Bg4
12. Qd6 Qxd6 13. Rxd6 Nbd7 14. Rad1 Rfe8 15. h3 Bxf3 16. Bxf3 Nb6 17. b3 Kf8
18. Ne4 Nxe4 19. Bxe4 Rac8 20. c5 Na8 21. Bf5 Rc7 22. Bd7 Rb8 23. Bxc6 Rxc6 24.
Rd8+ Rxd8 25. Rxd8+ Ke7 26. Rxa8 Rxc5 27. Rxa7 Rb5 28. Kf1 f5 29. Ke1 g5 30. g4
f4 31. Ra8 Rc5 32. Rh8 Rc2 33. Rxh7+ Kd6 34. Rxb7 Rxa2 35. Rg7 e4 36. Rxg5 Ra1+
37. Kd2 Ra2+ 38. Kd1 Ra1+ 39. Kc2 Ra2+ 40. Kc3 Rxe2 41. Kd4 e3 42. fxe3 Rxe3
43. h4 Rxb3 44. Ke4 Rh3 45. h5 f3 46. Ke3 Ke6 47. Kf2 Kf7 48. Rf5+ Kg7 49. Rxf3
Rh1 50. Kg3 Kh6 51. Rf6+ Kg7 52. Ra6 Rb1 53. Kh4 Rb4 54. h6+ Kh7 55. Kh5 Rb7
56. g5 Rc7 57. g6+ 1-0

[Event "Lustenau-Wüstenrot Salzburg"]
[Site "Absam"]
[Date "2004.12.05"]
[Round "5"]
[White "Ivanov, Mikhail"]
[Black "Hugentobler, Patrik"]
[Result "1-0"]
[WhiteElo "2463"]
[BlackElo "2237"]
[PlyCount "95"]
[EventDate "2004.??.??"]

{128MB, Power.ctg, LANDESVERBAND} 1. d4 Nf6 2. c4 g6 3. Nd2 d5 4. cxd5 Qxd5 5.
Ngf3 Bg7 6. e4 Qa5 7. Bc4 c6 8. a3 O-O 9. b4 Qc7 10. Bb2 Bg4 11. h3 Bxf3 12.
Qxf3 Nbd7 13. e5 Ne8 14. h4 Nb6 15. Bb3 Qd7 16. h5 Nd5 17. Qe4 Nec7 18. Qh4 Qf5
19. hxg6 Qxg6 20. O-O-O h6 21. Rh3 Qg5 22. Qe4 f5 23. exf6 exf6 24. f4 Qg4 25.
f5 Qxe4 26. Nxe4 Kh7 27. g4 Rad8 28. Kb1 Rfe8 29. Bc2 Kg8 30. Bc1 Nb5 31. Kb2
Nb6 32. Bb3+ Kf8 33. Nc5 Re2+ 34. Rd2 Rxd2+ 35. Bxd2 Nc7 36. Bf4 Nba8 37. Nxb7
Rxd4 38. Be3 Rxg4 39. Bc5+ Ke8 40. Re3+ Kd7 41. Be6+ Ke8 42. Bd5+ Kd7 43. Re7+
Kc8 44. Nd6+ Kd8 45. Nf7+ Kc8 46. Bf3 Rg3 47. Bxc6 Bf8 48. Nd6+ 1-0

[Event "Innsbrucker SK-Götzis"]
[Site "Absam"]
[Date "2004.12.05"]
[Round "5"]
[White "Eisenbeiser, Amadeus"]
[Black "Salvermoser, Bernd"]
[Result "1-0"]
[WhiteElo "2304"]
[BlackElo "2242"]
[PlyCount "109"]
[EventDate "2004.??.??"]

{128MB, Power.ctg, LANDESVERBAND} 1. e4 e6 2. d4 c5 3. Nf3 cxd4 4. Nxd4 a6 5.
c4 Nf6 6. Nc3 Qc7 7. a3 d6 8. Be2 Nc6 9. Be3 Be7 10. Rc1 Nxd4 11. Qxd4 O-O 12.
O-O Bd7 13. b4 Qb8 14. Rfd1 Rd8 15. f3 Be8 16. Qd3 d5 17. cxd5 Bd6 18. g3 Bxg3
19. hxg3 Qxg3+ 20. Kf1 exd5 21. exd5 Bd7 22. Bf2 Qh2 23. f4 Qh1+ 24. Bg1 Bh3+
25. Kf2 Qg2+ 26. Ke3 Be6 27. Bf3 Qg3 28. Kd2 Qxf4+ 29. Ke2 Bf5 30. Qd4 Re8+ 31.
Kf2 Be4 32. Rd3 Ng4+ 33. Kg2 Bxf3+ 34. Rxf3 Qxc1 35. Qxg4 Qd2+ 36. Kh3 Re5 37.
Rg3 Qh6+ 38. Kg2 f6 39. Bf2 Rae8 40. d6 f5 41. Qc4+ Kh8 42. Qf7 f4 43. Rg4 f3+
44. Kg3 Rg8 45. Ne4 Rh5 46. Kxf3 Rh3+ 47. Bg3 Qc1 48. d7 Qd1+ 49. Kg2 Qxg4 50.
Qxg8+ Kxg8 51. d8=Q+ Kf7 52. Ng5+ Kg6 53. Nxh3 Qe4+ 54. Kh2 Qe2+ 55. Nf2 1-0

[Event "Schwaz-Wörgl"]
[Site "Absam"]
[Date "2004.12.05"]
[Round "5"]
[White "Mittelberger, Peter"]
[Black "Fürlinger, Harald"]
[Result "1-0"]
[WhiteElo "2257"]
[BlackElo "2074"]
[PlyCount "75"]
[EventDate "2004.??.??"]

{128MB, Power.ctg, LANDESVERBAND} 1. e4 e6 2. d4 d5 3. Nc3 Bb4 4. e5 Ne7 5. a3
Bxc3+ 6. bxc3 c5 7. Qg4 O-O 8. Bd3 Nbc6 9. Nf3 f5 10. exf6 Rxf6 11. Qh4 Nf5 12.
Bxf5 Rxf5 13. Qxd8+ Nxd8 14. dxc5 e5 15. Ke2 Nc6 16. Rd1 e4 17. Nd4 Rf7 18. h3
Ne5 19. Nb5 Be6 20. Nd6 Rd7 21. Bf4 Nf7 22. c4 dxc4 23. Nxe4 Re8 24. Rxd7 Bxd7
25. f3 Bc6 26. Ke3 Nd8 27. Re1 Ne6 28. Bd6 Bxe4 29. fxe4 Rc8 30. Rb1 Nxc5 31.
Bxc5 Rxc5 32. Rxb7 Ra5 33. Kd4 Rxa3 34. Kxc4 Rg3 35. Rxa7 Rxg2 36. c3 Rh2 37.
Kd4 Rxh3 38. c4 1-0

[Event "Mozart 1910-Bregenz"]
[Site "Absam"]
[Date "2004.12.05"]
[Round "5"]
[White "Schmidt, Georg"]
[Black "Kelecevic, Nedelj"]
[Result "1-0"]
[WhiteElo "2364"]
[BlackElo "2398"]
[PlyCount "119"]
[EventDate "2004.??.??"]

{192MB, Power.ctg} 1. e4 c5 2. Nf3 e6 3. d4 cxd4 4. Nxd4 a6 5. Nc3 Nc6 6. Be2
Bc5 7. Be3 Qb6 8. Na4 Qa5+ 9. c3 Bxd4 10. Bxd4 Nxd4 11. Qxd4 e5 12. Qb4 Qxb4
13. cxb4 Nf6 14. Nb6 Rb8 15. Rc1 Ke7 16. f3 Rd8 17. g4 Ne8 18. Kf2 d6 19. b3
Be6 20. Rhd1 h6 21. h4 g5 22. hxg5 hxg5 23. Bc4 Nc7 24. Bd5 Ne8 25. Rh1 Kf8 26.
Bxe6 fxe6 27. Rh8+ Kf7 28. Rh7+ Kg8 29. Rh5 Kf7 30. Rh7+ Kg8 31. Rh5 Kf7 32.
Rxg5 Kf6 33. Rh5 Kg6 34. Rhh1 d5 35. exd5 exd5 36. Rc5 Nf6 37. Rd1 e4 38. Nxd5
Rxd5 39. Rcxd5 Nxd5 40. Rxd5 Rf8 41. b5 Rxf3+ 42. Ke2 Rg3 43. bxa6 bxa6 44. Ra5
Rxg4 45. Ke3 Kf6 46. Rxa6+ Ke5 47. Ra5+ Kd6 48. Kd4 Kc6 49. Re5 Rg2 50. a4 Rb2
51. Rc5+ Kb6 52. Rb5+ Ka6 53. Kxe4 Rd2 54. Ke3 Rd1 55. b4 Ka7 56. Ke4 Rh1 57.
a5 Rd1 58. Rd5 Rb1 59. b5 Ra1 60. Rd7+ 1-0

[Event "Hohenems-Absam"]
[Site "Absam"]
[Date "2004.12.05"]
[Round "5"]
[White "Pilz, Dieter"]
[Black "Atlas, Dimitry"]
[Result "1-0"]
[WhiteElo "2303"]
[BlackElo "2286"]
[PlyCount "58"]
[EventDate "2004.??.??"]

{192MB, Power.ctg} 1. e4 e6 2. d4 d5 3. Nc3 Bb4 4. Bd3 c5 5. exd5 Qxd5 6. Nf3
cxd4 7. a3 Ba5 8. b4 dxc3 9. bxa5 Qxa5 10. O-O Nf6 11. Rb1 O-O 12. Qe2 Nbd7 13.
Bf4 Qxa3 14. Rfd1 Nd5 15. Bg3 N7f6 16. Ne5 Rd8 17. Qf3 b6 18. Bh4 Bd7 19. Bxf6
Nxf6 20. Bxh7+ Kxh7 21. Rxd7 Rxd7 22. Nxd7 Nxd7 23. Qxa8 Nf6 24. h3 Qb2 25. Rf1
a5 26. Qf8 Qxc2 27. Qxf7 Qe2 28. Qc7 c2 29. Qc3 Ne4 1-0

[Event "Ranshofen-Reutte"]
[Site "Absam"]
[Date "2004.12.05"]
[Round "5"]
[White "Kerber, Alfred"]
[Black "Hackbarth, Wolfgang"]
[Result "1/2-1/2"]
[WhiteElo "1924"]
[BlackElo "2137"]
[PlyCount "79"]
[EventDate "2004.??.??"]

{192MB, Power.ctg} 1. e4 e5 2. Nc3 Bc5 3. Bc4 Nf6 4. d3 Nc6 5. Bg5 h6 6. Bh4
Be7 7. Nge2 Na5 8. Bb3 Nxb3 9. axb3 d6 10. O-O g5 11. Bg3 Nh5 12. d4 Nf4 13.
Bxf4 gxf4 14. dxe5 dxe5 15. Qd5 Qxd5 16. Nxd5 Bd8 17. Rfd1 c6 18. Nb4 Rg8 19.
Kf1 f6 20. g3 fxg3 21. Nxg3 Rg4 22. c4 Bb6 23. Nc2 Be6 24. Rd3 Ke7 25. Ne3 Bxe3
26. Rxe3 a6 27. Rd1 Rd8 28. Rxd8 Kxd8 29. Rd3+ Ke7 30. f3 Rg8 31. Ke2 h5 32.
Rd2 h4 33. Nf1 b5 34. Ne3 Rg1 35. Rd1 Rxd1 36. Kxd1 Kd6 37. Kd2 Kc5 38. Kc3 b4+
39. Kd3 a5 40. Ng2 1/2-1/2

[Event "Lustenau-Wüstenrot Salzburg"]
[Site "Absam"]
[Date "2004.12.05"]
[Round "5"]
[White "Doskocil, Klaus"]
[Black "Karpatchev, Aleksandr"]
[Result "0-1"]
[WhiteElo "2219"]
[BlackElo "2484"]
[PlyCount "76"]
[EventDate "2004.??.??"]

{192MB, Power.ctg} 1. e4 e5 2. Nf3 Nc6 3. Nc3 Nf6 4. Bb5 Bd6 5. d3 h6 6. h3 O-O
7. Be3 Re8 8. a3 Bf8 9. Bc4 d6 10. Qd2 Be6 11. O-O d5 12. exd5 Nxd5 13. Nxd5
Bxd5 14. Bxd5 Qxd5 15. c4 Qd7 16. d4 exd4 17. Nxd4 Nxd4 18. Qxd4 Qxd4 19. Bxd4
Re4 20. Rfd1 c5 21. Be3 Rxc4 22. Rd7 b6 23. Rad1 Re4 24. Rb7 Re7 25. Rdd7 Rxd7
26. Rxd7 g5 27. f4 gxf4 28. Bxf4 c4 29. Rc7 Bc5+ 30. Kf1 h5 31. a4 Rd8 32. Ke2
Re8+ 33. Kf3 a5 34. Bd2 Re5 35. g4 h4 36. Bf4 Re1 37. g5 Rf1+ 38. Kg4 Rxf4+ 0-1

[Event "Ranshofen-Reutte"]
[Site "Absam"]
[Date "2004.12.05"]
[Round "5"]
[White "Januschke, Markus"]
[Black "Mathe, Gaspar"]
[Result "0-1"]
[WhiteElo "2357"]
[BlackElo "2220"]
[PlyCount "120"]
[EventDate "2004.??.??"]

{192MB, Power.ctg} 1. e4 c6 2. d4 d5 3. Nc3 dxe4 4. Nxe4 Bf5 5. Ng3 Bg6 6. Nf3
Nd7 7. Nh4 e6 8. Nxg6 hxg6 9. Be2 Ngf6 10. Qd3 Qb6 11. Qb3 Bd6 12. Qxb6 axb6
13. c4 Rh4 14. Be3 Ke7 15. Nf1 Bb4+ 16. Kd1 Ra5 17. g3 Rh3 18. Nd2 Ra8 19. Nf3
Rhh8 20. Ng5 Nh7 21. Kc2 Nxg5 22. Bxg5+ f6 23. Be3 Bd6 24. a3 g5 25. b4 Ra7 26.
Kb3 Raa8 27. Raf1 Kf7 28. f4 gxf4 29. Bxf4 Bxf4 30. Rxf4 e5 31. dxe5 Nxe5 32.
Rd4 Rad8 33. Rxd8 Rxd8 34. Kc3 Ra8 35. Ra1 g5 36. b5 Rh8 37. Rh1 g4 38. a4 Ke6
39. Kb4 c5+ 40. Kc3 f5 41. Bf1 Ra8 42. Kb3 Rd8 43. Bg2 Rd3+ 44. Kc2 Ra3 45.
Bd5+ Kf6 46. Kb2 Rxa4 47. Kb3 Ra8 48. Bxb7 Ra7 49. Bd5 Rh7 50. Ra1 Kg5 51. Ra6
Rh6 52. Kc3 f4 53. gxf4+ Kxf4 54. Kb3 Nf3 55. Bc6 Nd4+ 56. Kc3 Rh3+ 57. Kd2
Rxh2+ 58. Ke1 Nc2+ 59. Kf1 Ne3+ 60. Kg1 Rc2 0-1

[Event "Ranshofen-Reutte"]
[Site "Absam"]
[Date "2004.12.05"]
[Round "5"]
[White "Bensch, Patrick"]
[Black "Egartner, Wolfgang"]
[Result "1/2-1/2"]
[WhiteElo "2295"]
[BlackElo "2128"]
[PlyCount "85"]
[EventDate "2004.??.??"]

{192MB, Power.ctg} 1. e4 c6 2. d4 d5 3. Nc3 dxe4 4. Nxe4 Nd7 5. Bd3 Ngf6 6. Ng5
e6 7. Qe2 Bd6 8. N1f3 h6 9. Ne4 Nxe4 10. Qxe4 Qc7 11. Qg4 Kf8 12. Bd2 b6 13.
O-O-O Bb7 14. Kb1 Nf6 15. Qh3 Nd5 16. c4 Nf4 17. Bxf4 Bxf4 18. Rhe1 Rd8 19. Be4
Bd6 20. Ne5 Bxe5 21. dxe5 Ke7 22. f4 Rxd1+ 23. Rxd1 Rd8 24. Qf3 c5 25. Rxd8
Bxe4+ 26. Qxe4 Qxd8 27. Kc2 Qd7 28. b3 h5 29. g3 g6 30. Qa8 Qc7 31. Kd2 Qd7+
32. Ke2 Qc7 33. Kf2 Qd7 34. Ke2 Qc7 35. h3 a5 36. g4 hxg4 37. hxg4 g5 38. Qe4
gxf4 39. Qxf4 Qb7 40. Qf3 Qd7 41. Qe4 Qc7 42. g5 Kf8 43. Qf4 1/2-1/2

[Event "Ranshofen-Reutte"]
[Site "Absam"]
[Date "2004.12.05"]
[Round "5"]
[White "Ager, Josef"]
[Black "Hosp, Reinhard"]
[Result "1-0"]
[WhiteElo "2222"]
[BlackElo "2131"]
[PlyCount "95"]
[EventDate "2004.??.??"]

{192MB, Power.ctg} 1. d4 {0} 1... d5 2. Nf3 Nf6 3. c4 c6 4. g3 Nbd7 5. Bg2 dxc4
6. O-O Nb6 7. Qc2 Bg4 8. Rd1 Bxf3 9. Bxf3 e6 10. a4 a5 11. Na3 Bb4 12. Nxc4
Nxc4 13. Qxc4 O-O 14. Bd2 Bxd2 15. Rxd2 Nd5 16. e4 Nb4 17. Qc5 h6 18. Rad1 Rc8
19. Bg2 Na6 20. Qh5 Qb6 21. d5 Qb3 22. dxe6 Qxe6 23. Bh3 Qxe4 24. Bxc8 Rxc8 25.
Qxa5 Kh7 26. Rd4 Qc2 27. Qd2 Qxd2 28. R1xd2 Nc5 29. Rc2 b6 30. Rb4 Nd7 31. Rf4
Kg6 32. b4 Ne5 33. Re4 Kf5 34. Re3 g5 35. f3 h5 36. Kf2 Rh8 37. Ra3 Rd8 38. a5
b5 39. Rc5 f6 40. a6 Ke6 41. a7 Ra8 42. f4 Nc4 43. Rxc6+ Kd5 44. Raa6 gxf4 45.
gxf4 Nb2 46. Rc5+ Ke4 47. Rxb5 Nd3+ 48. Kf1 1-0

[Event "Hohenems-Absam"]
[Site "Absam"]
[Date "2004.12.05"]
[Round "5"]
[White "Sandholzer, Robert"]
[Black "Ferrari, Josef"]
[Result "1-0"]
[WhiteElo "2097"]
[BlackElo "2220"]
[PlyCount "102"]
[EventDate "2004.??.??"]

{192MB, Power.ctg} 1. d4 Nf6 2. c4 e6 3. Nf3 b6 4. g3 Bb7 5. Bg2 Be7 6. Nc3 Ne4
7. Qc2 Nxc3 8. Qxc3 O-O 9. O-O c5 10. Qc2 Nc6 11. dxc5 bxc5 12. Bf4 d5 13. Rfd1
Nb4 14. Qb3 a5 15. a3 a4 16. Qc3 Nc6 17. Qc2 d4 18. h4 Qb6 19. Rab1 Qa6 20. b3
axb3 21. Rxb3 Na5 22. Rb2 Bc6 23. Rc1 Ra7 24. Bd2 Bd8 25. Rb8 Ra8 26. Rb2 Bc7
27. e3 e5 28. Ng5 g6 29. h5 Bxg2 30. Kxg2 Qc6+ 31. Kg1 f5 32. hxg6 hxg6 33. Rb5
Nb7 34. Ne6 Rf7 35. Nxc7 Rxc7 36. exd4 exd4 37. Rcb1 Rh7 38. f3 Qxf3 39. Bh6
Rxh6 40. Qg2 Qxg2+ 41. Kxg2 Nd6 42. Rxc5 Ne4 43. Rc6 Rd8 44. a4 d3 45. a5 d2
46. a6 Rh7 47. Rxg6+ Rg7 48. Rxg7+ Kxg7 49. a7 Nc3 50. Rb7+ Kg6 51. Rd7 d1=Q
1-0

[Event "Lustenau-Wüstenrot Salzburg"]
[Site "Absam"]
[Date "2004.12.05"]
[Round "5"]
[White "Ginsburg, Gennadij"]
[Black "Gasthofer, Alexander"]
[Result "1-0"]
[WhiteElo "2519"]
[BlackElo "2432"]
[PlyCount "119"]
[EventDate "2004.??.??"]

{192MB, Power.ctg} 1. e4 e6 2. d4 d5 3. Nd2 c5 4. Ngf3 Nc6 5. exd5 exd5 6. Be2
c4 7. O-O Bd6 8. c3 Nge7 9. b3 cxb3 10. axb3 O-O 11. Ba3 Bf5 12. Re1 Re8 13.
Nf1 Bxa3 14. Rxa3 Qd6 15. Ra2 Ng6 16. Ne3 Be4 17. Ng5 Nf4 18. Nxe4 Nxe2+ 19.
Raxe2 dxe4 20. Nc4 Qg6 21. Ne5 Nxe5 22. Rxe4 Qc6 23. dxe5 Qxc3 24. Qd5 Rad8 25.
Qb5 Qc6 26. Qxc6 bxc6 27. h3 Rd5 28. f4 Kf8 29. Rc1 f6 30. Rxc6 fxe5 31. Ra6
Re7 32. fxe5 Rdxe5 33. Rxe5 Rxe5 34. Rxa7 Rb5 35. Ra3 Ke7 36. Kf2 Kf6 37. Ke3
Ke5 38. Kd3 Rd5+ 39. Kc4 Rd2 40. g4 Rc2+ 41. Kb4 Rc7 42. Ra5+ Kf4 43. Rd5 Kg3
44. Rd3+ Kh4 45. Ka5 Ra7+ 46. Kb6 Ra3 47. Kc5 g5 48. Kc4 Ra8 49. b4 Rc8+ 50.
Kd4 Rd8+ 51. Ke4 Re8+ 52. Kf5 Rf8+ 53. Ke6 Rb8 54. Rb3 h5 55. gxh5 Kxh5 56. b5
Kh4 57. b6 Rb7 58. Kd5 Rxb6 59. Rxb6 Kxh3 60. Ke4 1-0

[Event "Ranshofen-Reutte"]
[Site "Absam"]
[Date "2004.12.05"]
[Round "5"]
[White "Jenul, Reinhold"]
[Black "Webersberger, Johann"]
[Result "1/2-1/2"]
[WhiteElo "2119"]
[BlackElo "2233"]
[PlyCount "73"]
[EventDate "2004.??.??"]

{192MB, Power.ctg} 1. d4 Nf6 2. c4 g6 3. Nc3 Bg7 4. e4 O-O 5. e5 Ne8 6. f4 d6
7. Be3 c5 8. dxc5 Nc6 9. Qd2 Bf5 10. cxd6 exd6 11. Nf3 dxe5 12. Bc5 Nc7 13.
Bxf8 Qxf8 14. fxe5 Rd8 15. Nd5 Nxe5 16. Be2 Ng4 17. O-O Nxd5 18. cxd5 Qc5+ 19.
Kh1 Nf2+ 20. Rxf2 Qxf2 21. Rf1 Qc5 22. Rd1 Be6 23. b4 Qf8 24. Bc4 h6 25. Qe3
Qxb4 26. Bb3 Bf5 27. Qxa7 Kh7 28. h3 Rd6 29. Qe3 Qe4 30. Qc5 Qf4 31. Qc4 Qg3
32. Qh4 Qxh4 33. Nxh4 Be4 34. Nf3 Bf8 35. Kg1 Kg7 36. Kf2 f5 37. Ke3 {...}
1/2-1/2